| 000 | 00597nam a2200217 a 4500 | ||
|---|---|---|---|
| 001 | 20106 | ||
| 003 | CO-ViMGA | ||
| 008 | 141112s2004 ck r 000 u spa d | ||
| 020 | _a95820053207 | ||
| 040 |
_aCO-ViMGA _bspa _cCO-ViMGA |
||
| 082 | 0 | 4 | _aLIMj |
| 100 | 1 |
_aLi - Ma, Chely _93164 |
|
| 245 | 1 | 0 | _aEl Jardín de los seres fantásticos |
| 260 |
_aBogotá : _bMagisterio, _c2000 |
||
| 300 | _a78 p. | ||
| 490 | 0 | _aMontaña magica | |
| 590 | _aForma de adquisición : Premio Mincultura | ||
| 650 | 1 | 4 |
_aANIMALES FABULOSOS _93165 |
| 650 | 1 | 4 |
_aCUENTOS INFANTILES CUBANOS _93166 |
| 942 |
_2ddc _cBK |
||
| 999 |
_c9777 _d9777 |
||